| 000 | 00770nam a2200181Ia 4500 | ||
|---|---|---|---|
| 008 | 081213s9999 xx 000 0 und d | ||
| 050 |
_aBT993 _b.B37 1958 |
||
| 100 | _aBarth, Karl | ||
| 245 |
_aThe faith of the church : _ba commentary on the apostle's creed according to Calvin's catechism _cKarl Barth |
||
| 260 |
_c1958 _aLondon: _bCollins, |
||
| 300 |
_a160 p. _c18 cm |
||
| 500 | _aIncludes bibilography | ||
| 650 | _bApostle's Creed | ||
| 650 | _bCalvin, John | ||
| 942 |
_cBK _2lcc |
||
| 999 |
_c5610 _d5610 |
||